000 01167nam a22002777a 4500
005 20121123142626.0
008 090408t xxu||||| |||| 00| 0 hin d
010 _aHIN-97486
020 _c250.00
_a9789381507155
035 _aHN-69832
037 _bDBAD / PUB
040 _aDPL
_bHN
082 _a821
100 _927482
_aसक्सेना, राजेश्वरी
245 _aजुगनुओं का तलाश में /
_cराजेश्वरी सक्सेना
260 _bअंकुर प्रकाशन
_c2012
_aदिल्ली
270 _aए-31सी, न्यू गुप्ता कालोनी
_bदिल्ली
_e110009
_k011- 27247827
300 1 _a152पृ.
_c22सेमी (सजिल्द)
650 _aHindi Poetry
_9698
650 _aहिन्दी कविताएँ
_953749
700 _927483
710 _952094
711 _952444
942 _adpl
_cHN
_2ddc
_mसक्सेना
_h821
999 _c71595
_d71595